Měření a plánování produktivity práce v období intenzifikace rozvoje národního hospodářství

Salvato in:
Dettagli Bibliografici
Natura: Libro
Lingua:ceco
Pubblicazione: Praha Ústřední ústav národohospodářského výzkumu 1987
Tags: Aggiungi Tag
Nessun Tag, puoi essere il primo ad aggiungerne!!

MARC

LEADER 00000nam a2200000 4500
001 c024570
005 20250526100046.8
041 0 |a cze 
044 |a CZ 
245 1 0 |a Měření a plánování produktivity práce v období intenzifikace rozvoje národního hospodářství 
264 1 |a Praha  |b Ústřední ústav národohospodářského výzkumu  |c 1987 
300 |a 48 s.